Visualizzazione normale
Vista MARC
- Hardy Thomas
di Personal Name
Records bibliografici associati: 3
001 - CONTROL NUMBER
- control field: 37576
003 - CONTROL NUMBER IDENTIFIER
- control field: IT-RoPau
005 - DATE AND TIME OF LATEST TRANSACTION
- control field: 20151125170655.0
008 - FIXED-LENGTH DATA ELEMENTS
- fixed length control field: 151125|| aca||aabn | a|a d
040 ## - CATALOGING SOURCE
- Original cataloging agency: IT-RoPau
- Transcribing agency: IT-RoPau
100 ## - HEADING--PERSONAL NAME
- Personal name: Hardy Thomas
- Relator term: (soggetto)
- Miscellaneous information: Codice Soggetto SPICS: 28885
670 ## - SOURCE DATA FOUND
- Source citation: Work cat.: (IT-RoPau)104771: Schlesinger John Codice regista SPICS: 11281 37573, VIA DALLA PAZZA FOLLA VIA DALLA PAZZA FOLLA (Rif. Codice opera principale : C6320)